[Event "85th Southwest Open 2019"]
[Site "Dallas"]
[Date "2019.09.02"]
[Round "7.11"]
[White "Li, Ben"]
[Black "Popilski, Gil"]
[Result "0-1"]
[WhiteElo "2407"]
[BlackElo "2468"]
[Annotator "TA"]
[PlyCount "48"]
[EventDate "2019.08.29"]
[EventType "swiss"]
[EventCountry "USA"]
[SourceTitle "playchess.com"]
[Source "ChessBase"]
[SourceQuality "1"]

{[%evp 9,52,8,14,15,40,33,37,52,45,-99,-90,-170,-185,-217,-218,-215,-195,-196,-214,-196,-210,-375,-358,-966,-924,-1120,-1025,-1909,-1970,-2951,-2896,-2631,-2582,-2319,-2299,-29987,-29988,-29991,-29992,-29992,-29992,-29994,-29995,-29998,-29990]} 1. d4 Nf6 2. c4 g6 3. Nc3 d5 4. cxd5 Nxd5 5. Na4 {[#]} e5 $1 {[%mdl 512]} 6. dxe5 {D85: Exchange Grünfeld: Unusual White 7th moves and lines with 7 Nf3} Bf5 7. Nf3 Nc6 {And now ...Ndb4 would win.} 8. a3 {White is slightly better.} Qd7 9. b4 $146 {[#]} (9. e3 $14 {keeps the upper hand.}) ({Predecessor:} 9. e3 O-O-O 10. Bd2 Qe7 11. Be2 Nxe5 12. O-O Nxf3+ 13. Bxf3 Qe6 {½-½ (24) Lysyj,I (2629)-Dominguez Perez,L (2719) Khanty-Mansiysk 2011}) 9... O-O-O $1 $40 {[%mdl 128] Hoping for ...Ndxb4. White is in trouble.} 10. Bb2 {[#]} (10. Ra2 $17 {is a better defense.}) 10... Ncxb4 $1 $19 {[%mdl 512]} 11. Nd4 (11. axb4 Bxb4+) 11... Nf4 {White must now prevent ...Ne6.} 12. Rc1 Qd5 {[%mdl 64] Double Attack} 13. f3 Qxe5 14. Kf2 Bh6 {( -> ...Nfd3+!)} ({But not} 14... Nbd3+ 15. exd3 Rxd4 16. Rc4 $15) 15. Nxf5 $2 (15. e4 {is the only way for White.} Nfd3+ {[%mdl 64] Discovered Attack} 16. Bxd3 Bxc1 17. Nc6 Nxd3+ {[#]} 18. Qxd3 $1 {[%mdl 512]} Bxb2 19. Nxe5 Rxd3 20. Nxd3 Bd4+ 21. Kg3) 15... Qxf5 16. Qb3 $2 {[#]} (16. Rc5 Qe6 17. Re5 Rxd1 18. Rxe6 Nxe6 19. Bxh8) 16... Rd2 $1 {[%mdl 512]} 17. g4 Nbd3+ {[%mdl 64] Double Attack} 18. Kg3 Nxe2+ 19. Bxe2 Qf4+ 20. Kh3 Nf2+ {[%mdl 64] Double Attack} 21. Kg2 Rxe2 22. Rc2 Rhe8 {Black mates.} 23. Rxe2 Rxe2 24. Kf1 {[#]} Nxh1 {Played: Re2-e3} 0-1

[Event "85th Southwest Open 2019"]
[Site "Dallas"]
[Date "2019.09.02"]
[Round "7.12"]
[White "Bajarani, Ulvi"]
[Black "Mishra, Abhimanyu"]
[Result "1/2-1/2"]
[WhiteElo "2501"]
[BlackElo "2377"]
[Annotator "TA"]
[PlyCount "113"]
[EventDate "2019.08.29"]
[EventType "swiss"]
[EventCountry "USA"]
[SourceTitle "playchess.com"]
[Source "ChessBase"]
[SourceQuality "1"]

{[%evp 9,112,36,27,21,31,0,22,-2,5,-21,-21,-27,-22,-37,-7,-16,-25,-16,3,-33,12,11,10,10,30,26,22,25,29,10,43,0,8,-2,-2,-2,-3,-6,-4,-19,-5,-8,0,0,5,5,6,5,7,8,25,25,25,25,42,25,26,26,47,47,47,47,47,47,47,47,47,47,54,54,54,54,54,49,49,14,14,14,18,18,67,67,67,67,67,67,68,68,72,69,94,94,94,94,135,69,67,73,60,55,81,0,0,0,0]} 1. e4 c5 2. Nc3 Nc6 3. Nge2 e6 4. g3 a6 5. Bg2 Nf6 6. O-O {B23: Closed Sicilian: Lines without g3} Qc7 (6... b5 7. d3 Bb7 8. Be3 Be7 9. h3 O-O 10. g4 d5 11. exd5 Nxd5 12. Nxd5 exd5 13. d4 cxd4 14. Nxd4 {½-½ (40) McShane,L (2706)-Caruana,F (2770) Moscow 2012}) 7. f4 d6 8. Kh1 Be7 $146 ({Predecessor:} 8... b5 9. a3 Rb8 10. d4 cxd4 11. Nxd4 Nxd4 12. Qxd4 Bb7 {1-0 (59) Volkov,P (2044)-Kozlov,P (1880) Novosibirsk 2007}) 9. Ng1 b5 10. d3 Bb7 11. f5 Nd4 12. Nce2 Nxe2 13. Qxe2 O-O 14. a4 Bc6 15. axb5 axb5 16. Rxa8 Bxa8 17. fxe6 fxe6 18. Nf3 {Strongly threatening Ng5.} Bc6 19. Bd2 b4 20. b3 e5 21. Bg5 Bd7 22. Nd2 Be6 23. Nc4 Ne8 24. Bd2 Rxf1+ 25. Qxf1 Bf8 26. Bh3 Qf7 (26... Bf7 {is interesting.} 27. Qf5 g6 28. Qd7 Qxd7 29. Bxd7 Nc7) 27. Bxe6 Qxe6 28. Kg2 Be7 29. h3 g6 30. Qa1 Bf8 31. Qa8 Kg7 32. Qb7+ Qe7 33. Qc6 h6 34. c3 bxc3 35. Bxc3 Kf7 36. b4 cxb4 $1 37. Bxb4 Qe6 38. Ba3 Be7 39. Qb7 Kg8 40. Bc1 (40. Qb8 {feels hotter.} Bf8 41. Qd8 h5 42. Qa8 Qf7 43. Qc8) 40... Bg5 41. Bxg5 hxg5 42. g4 Kh8 43. Kf3 Kg8 44. Ke2 Qf7 45. Qc8 {And now Nxd6 would win.} Qe7 46. Nxd6 {[%mdl 64] [#] Deflection} Qxd6 47. Qxe8+ $14 {[%mdl 4096] Endgame KQ-KQ} Kg7 48. Qb5 Qd4 49. Kd2 Qf2+ 50. Kc3 Qd4+ 51. Kb3 Kf6 52. Qd5 (52. Qc6+ $16 Kg7 53. Qd5 Qb6+ 54. Kc4) 52... Qe3 53. Qd6+ Kf7 54. Qd7+ Kf6 55. Kc4 (55. Qd8+ $16 Kf7 56. Qd5+ Kf6 57. Qd6+ Kf7 58. Qxe5) 55... Qc1+ $11 56. Kb5 {[#] Threatens to win with Qc6+.} Qc5+ 57. Kxc5 {Accuracy: White = 52%, Black = 59%.} 1/2-1/2

[Event "85th Southwest Open 2019"]
[Site "Dallas"]
[Date "2019.09.02"]
[Round "7.13"]
[White "Guo, Arthur"]
[Black "Grinberg, Eyal"]
[Result "1-0"]
[WhiteElo "2295"]
[BlackElo "2486"]
[Annotator "TA"]
[PlyCount "117"]
[EventDate "2019.08.29"]
[EventType "swiss"]
[EventCountry "USA"]
[SourceTitle "playchess.com"]
[Source "ChessBase"]
[SourceQuality "1"]

{[%evp 15,117,-2,0,0,26,25,29,33,19,17,49,45,50,53,71,32,35,31,81,81,93,68,93,60,61,27,54,32,35,42,41,27,81,79,79,73,112,53,53,10,61,41,45,48,72,12,10,0,0,0,0,6,73,64,55,10,10,10,10,10,10,10,10,10,73,2,73,0,33,0,73,73,73,73,73,60,73,73,73,73,150,150,150,0,128,0,150,10,294,246,221,236,297,160,451,413,781,665,29963,29967,6283,6269,5185,831]} 1. e4 c5 2. Nf3 d6 3. d4 cxd4 4. Nxd4 Nf6 5. Nc3 a6 6. Be2 e5 7. Nf3 Be7 8. Bg5 Nbd7 9. a4 {B92: Sicilian Najdorf: 6 Be2} O-O 10. Nd2 Nc5 11. Bxf6 {White has an edge.} Bxf6 12. Nc4 Be7 13. a5 {[#]} Be6 $146 ({Predecessor:} 13... Rb8 14. Nb6 Nd7 15. Ncd5 Nxb6 16. Nxb6 Be6 {1-0 (52) Vachier Lagrave,M (2791)-Nepomniachtchi,I (2742) Saint Louis 2017}) 14. Nb6 Rb8 15. O-O Nd7 16. Ncd5 {[%cal Bc3d5,Bd5e3,Be3c4][%mdl 32]} Bg5 17. Bc4 Kh8 18. Nxd7 Qxd7 19. Ra3 Bd8 20. Ne3 Rc8 21. Bxe6 fxe6 22. Rd3 Rc6 23. b3 Qe7 (23... Bxa5 $11 24. Nc4 {[%mdl 64] Double Attack} Qc7) 24. Nc4 Bc7 25. Qd2 h6 26. f3 (26. Qb4 $16 Rc5 27. Qxb7) 26... Bb8 $14 27. Rd1 {[%cal Rc4d6]} Rfc8 (27... d5 $11 28. exd5 exd5 29. Rxd5 e4) 28. h3 Kh7 29. Kh1 (29. Nxd6 Bxd6 30. Rxd6 Rxc2 $15) 29... Rc5 30. Qf2 (30. Nb6 $16) 30... Bc7 $11 31. Nxd6 Bxd6 32. Rxd6 {aiming for Rd7.} Rxc2 33. Qg3 {And now Rd7 would win.} Qf6 (33... Rc1 $1 $11 34. Kh2 (34. Qxe5 R8c5 $11) 34... Rxd1 35. Rxd1 Rc5) 34. Rb6 R8c7 35. Qg4 R2c6 36. Rxc6 Rxc6 {[%mdl 4096] Endgame KQR-KQR} 37. Rd7 b6 38. axb6 Rxb6 39. Ra7 Qf8 (39... Qg6 $11) 40. Qg3 (40. h4 $16) 40... Qf6 (40... Rxb3 $11 {remains equal.} 41. Rxa6 (41. Qxe5 Rxf3 42. Kh2 Qf4+ 43. Qxf4 Rxf4 $17) 41... Qf7) 41. Qg4 (41. h4 $16) 41... Rc6 42. Qg3 h5 {[#]} (42... Rb6 $11) 43. h4 $1 $16 Rb6 44. Kh2 Kh6 45. Ra8 {[%cal Ra8h8]} g6 46. Qf2 Rxb3 47. Qd2+ Kg7 (47... Qf4+ $142 48. Qxf4+ exf4) 48. Ra7+ {[%mdl 1024] White has strong compensation.} Kg8 49. Ra8+ Kg7 $1 50. Ra7+ Kg8 {[#]} 51. Kh3 (51. Kg3 $1 $16) 51... Qf8 $2 {[%mdl 8192]} (51... Rb1 $1 $11 52. Kg3 (52. Ra8+ Kg7 $14) 52... Rh1) 52. Rxa6 ({Not} 52. Qd7 Rxf3+ 53. g3 (53. gxf3 Qxf3+ {[%mdl 64] Double Attack} 54. Kh2 Qf2+ 55. Kh1 Qe1+ 56. Kg2 Qe2+ 57. Kh3 Qf3+ 58. Kh2 Qf2+ 59. Kh1 Qf1+ 60. Kh2 Qf2+ $11) 53... Rf7 $11) 52... Rb7 53. Qg5 Rg7 54. Qxe5 ({White should try} 54. Rb6 $18) 54... Kh7 $2 (54... Re7 $16 55. f4 Qf7) 55. Rxe6 $18 Qb4 (55... Rf7 $142 56. Kg3 Qh6) 56. Kh2 Qd2 57. Re7 Rxe7 58. Qxe7+ Kg8 59. Qf6 {Accuracy: White = 40%, Black = 33%.} (59. e5 $142 Qf4+ 60. Kh3) 1-0

[Event "85th Southwest Open 2019"]
[Site "Dallas"]
[Date "2019.09.02"]
[Round "7.14"]
[White "Yip, Carissa"]
[Black "Nakar, Eylon"]
[Result "0-1"]
[WhiteElo "2425"]
[BlackElo "2441"]
[Annotator "TA"]
[PlyCount "104"]
[EventDate "2019.08.29"]
[EventType "swiss"]
[EventCountry "USA"]
[SourceTitle "playchess.com"]
[Source "ChessBase"]
[SourceQuality "1"]

{[%evp 22,104,46,25,18,0,0,0,0,-24,-34,-26,0,0,0,0,0,0,0,0,0,-1,-5,-4,0,0,68,-25,-12,-14,19,2,11,0,2,0,0,0,0,0,0,-18,-13,-21,-18,-19,0,0,0,-32,-22,-18,0,0,0,0,0,0,0,0,-2,-115,-118,-182,-172,-185,-180,-170,-154,-148,-149,-254,-240,-248,-255,-231,-242,-236,-226,-347,-309,-280,-159,-5269,-2550]} 1. e4 e6 2. d4 d5 3. Nd2 c5 4. exd5 Qxd5 5. Ngf3 cxd4 6. Bc4 Qd6 7. O-O Nf6 8. Nb3 Nc6 9. Nbxd4 Nxd4 10. Nxd4 a6 11. Re1 Qc7 12. Qe2 h6 {C07: French Tarrasch: 3...c5, 4 Ngf3 and 4 exd5 Qxd5} (12... Bc5 13. c3 O-O 14. Bg5 b5 15. Bd3 Nd5 16. Qh5 g6 17. Qh4 Bb7 18. a4 bxa4 19. Rxa4 Rfe8 20. Nf3 {1-0 (29) Wei,Y (2729)-So,W (2780) chess.com INT 2018}) 13. h3 Bc5 14. Nf5 Kf8 $146 {The position is equal.} ({Predecessor:} 14... O-O 15. Nxh6+ gxh6 16. Qf3 Be7 17. Bd3 Kh8 18. Bxh6 Rg8 19. Bd2 Rg7 20. Bc3 {½-½ (40) Frischmann,R (2302)-Schneider,J (2261) Apolda 2017}) 15. Nh4 b5 16. Bd3 Bb7 (16... g5 $5 {[%cal Rg5h4]} 17. Nf3 (17. Ng6+ $2 fxg6 18. Bd2 Bb7 $19) 17... g4 $15) 17. Nf3 Ke7 18. Ne5 Rhd8 19. Bf4 Bd6 20. Rad1 Kf8 21. Bg3 Rac8 22. c3 Kg8 23. Bb1 Ba8 {[#]} ({Black should play} 23... Bc5 $11) 24. Qc2 (24. Nxf7 $1 $14 {[%mdl 512]} Qc6 (24... Qxf7 25. Bxd6) 25. Be4 Nxe4 26. Nxd8 Rxd8 27. Qxe4 $1 {[%mdl 512]} Qxe4 28. Rxe4 Bxe4 29. Bxd6) 24... Qb7 {[%csl Ga8][%cal Rb7g2]} 25. f3 Be7 26. Ng4 {next Nxf6+ is good for White.} Kf8 27. Be5 Qb6+ 28. Kh1 Rxd1 29. Rxd1 Rd8 30. Bd4 Qc7 31. Rf1 Qf4 32. Be3 Qg3 {Hoping for ...Nxg4.} 33. Bf2 Qf4 34. Be3 Qc4 $40 {[%mdl 128] White needs to defend precisely.} 35. Rc1 Nxg4 36. hxg4 Bc5 37. Rd1 Rxd1+ 38. Qxd1 {[%cal Rd1d8]} Ke7 39. Bd3 Qd5 40. Qe2 {Black must now prevent Be4.} Bd6 41. Bf2 (41. c4 $11 {remains equal.} bxc4 42. Bxc4 {[%mdl 64] Double Attack}) 41... Qxa2 $17 42. Bh4+ (42. g3 $17 {keeps fighting.}) 42... g5 $19 43. Be1 Qa1 44. Qf2 Bd5 45. Kg1 Qd1 46. Bc2 (46. Qe2 $17 Qxe2 47. Bxe2) 46... Qc1 47. Bd3 {[#]} Bf4 $1 {[%cal Rf4e3] aiming for ...Be3!} 48. Kf1 Be3 49. Qe2 {[#]} Bb3 $1 {[%cal Rb3d1] Threatens to win with ...Bd1.} 50. Be4 (50. g3 {only move.}) 50... Kf6 51. g3 Kg7 ({Black should try} 51... a5 $19 {Strongly threatening ...a4.} 52. Bd3 Bd1) 52. Kg2 $2 (52. Bd3 $17) 52... Bc4 {Accuracy: White = 52%, Black = 71%.} 0-1

[Event "85th Southwest Open 2019"]
[Site "Dallas"]
[Date "2019.09.02"]
[Round "7.15"]
[White "Wheeler, Cameron"]
[Black "Kambrath, Yannick"]
[Result "1/2-1/2"]
[WhiteElo "2397"]
[BlackElo "2365"]
[Annotator "TA"]
[PlyCount "33"]
[EventDate "2019.08.29"]
[EventType "swiss"]
[EventCountry "USA"]
[SourceTitle "playchess.com"]
[Source "ChessBase"]
[SourceQuality "1"]

{[%evp 17,33,23,26,31,82,84,89,95,91,89,91,65,55,66,57,47,63,40]} 1. d4 d5 2. c4 e6 3. Nf3 Nf6 4. g3 Bb4+ 5. Nc3 O-O 6. Bg2 b6 7. O-O Bb7 8. Ne5 Nbd7 9. Bg5 Be7 10. Qa4 {E06: Closed Catalan: Early deviations} Nxe5 (10... c6 $14) 11. dxe5 $16 Nd7 12. Bxe7 {White is better.} Qxe7 13. cxd5 {aiming for d6!} exd5 14. Bxd5 $146 ({Predecessor:} 14. Nxd5 Bxd5 15. Bxd5 Rad8 16. Qxa7 Qxe5 17. Bf3 Qxb2 18. Qxc7 {1-0 (54) Andrianov,N (2445)-Alexakis,D (2245) Corfu 1991}) 14... Nc5 $1 {[%cal Rc5a4] White is slightly better.} 15. Qf4 c6 16. Bg2 Nd7 17. Rfd1 1/2-1/2

[Event "85th Southwest Open 2019"]
[Site "Dallas"]
[Date "2019.09.02"]
[Round "7.16"]
[White "Li, Zhaozhi"]
[Black "Kung, Thomas"]
[Result "1-0"]
[WhiteElo "2423"]
[BlackElo "2200"]
[Annotator "TA"]
[PlyCount "86"]
[EventDate "2019.08.29"]
[EventType "swiss"]
[EventCountry "USA"]
[SourceTitle "playchess.com"]
[Source "ChessBase"]
[SourceQuality "1"]

{[%evp 18,86,18,0,16,6,15,0,0,0,1,0,56,56,53,0,42,-45,-49,-45,-52,-56,-53,-94,-100,-201,-178,-304,-290,-435,-433,-439,-417,-622,19,32,12,137,175,168,181,180,166,158,476,485,482,321,468,472,472,456,561,593,807,807,807,785,765,748,733,718,5085,5085,4694,4686,4570,4134,29990,29991,29993]} 1. d4 d5 2. c4 c6 3. Nf3 Nf6 4. Nc3 dxc4 5. a4 Bf5 6. e3 e6 7. Bxc4 Bb4 8. O-O Nbd7 9. Nh4 O-O 10. h3 Qe7 {D18: Slav Defence: 5 a4 Bf5 6 e3} (10... Bg6 11. Nxg6 hxg6 12. Qb3 Qb6 13. Rd1 Rad8 14. Bd2 Ba5 15. Rac1 c5 16. d5 Bxc3 17. Bxc3 Qxb3 18. Bxb3 Nxd5 19. Bxd5 exd5 20. Rxd5 Nb6 21. Rxc5 Nxa4 {1-0 (45) Ponomariov,R (2706)-Najer,E (2687) Dortmund 2016}) 11. Nxf5 exf5 12. Qf3 g6 {The position is equal.} 13. g4 fxg4 14. hxg4 Bxc3 $146 (14... Rfe8 $11) ({Predecessor:} 14... Rae8 15. g5 Bxc3 16. gxf6 Qb4 17. bxc3 Qxc4 18. e4 c5 {1-0 (27) Guseinov,A (2430)-Guliev,S (2425) Baku 1997}) 15. bxc3 $14 Ne4 16. Kg2 ({White should try} 16. Bd3 $14 Ndf6 17. Qf4) 16... Kh8 17. Bd3 ({White should play} 17. Ba3 $14 c5 18. dxc5) 17... f5 $1 $15 18. Ba3 c5 19. Rh1 Rae8 20. Bxe4 fxe4 21. Qh3 {[#]} (21. Qe2 $17) 21... Rf3 $1 $19 {[%cal Rf3h3]} ({But not} 21... Qf7 22. Qh4 $15) 22. Qh4 {[#]} (22. Qh6 $142) 22... g5 $1 {[%cal Rg5h4]} 23. Qh6 (23. Qh2 {was forced.} Nf6 24. Bxc5) 23... Qf7 24. Kg1 Nf6 25. Bxc5 (25. Rf1 $142 Nxg4 26. Qh5) 25... Qd7 $2 (25... Nxg4 $19 {( -> ...Rg3+!)} 26. Qxh7+ Qxh7 27. Rxh7+ Kxh7) 26. d5 $1 $11 {And now Bd4 would win.} ({Wrong is} 26. Qxg5 $2 Rg8 $19) 26... Qxg4+ 27. Kf1 {Strongly threatening Bd4!} Qd7 28. Bd4 ({Resist} 28. Qxg5 Rg8 $16) 28... Qg7 29. Rb1 b6 30. a5 $40 {[%mdl 128] White wants a kill.} Rf8 $2 (30... bxa5 $16 {is more resistant.} 31. Qh2 Kg8) 31. axb6 $18 axb6 32. Rxb6 Kg8 (32... Qxh6 {is a better defense.} 33. Rxh6 Kg7 34. Rhxf6 R8xf6 35. Rb7+ Kg6 36. Bxf6 Rxf6) 33. Qxg7+ Kxg7 34. Kg2 Rf5 35. c4 Rc8 36. Ra1 Rxc4 37. Ra7+ Kg6 38. Raa6 Rxd4 39. exd4 Kf7 40. Rb7+ Kg6 41. d6 Rd5 42. d7 Kf5 {[#]} 43. Rb5 $1 {[%mdl 512]} e3 {Accuracy: White = 52%, Black = 45%.} (43... Rxb5 44. d8=Q) 1-0

[Event "85th Southwest Open 2019"]
[Site "Dallas"]
[Date "2019.09.02"]
[Round "7.17"]
[White "Kumar, Nikhil"]
[Black "Tiglon, Bryce"]
[Result "1/2-1/2"]
[WhiteElo "2297"]
[BlackElo "2371"]
[Annotator "TA"]
[PlyCount "69"]
[EventDate "2019.08.29"]
[EventType "swiss"]
[EventCountry "USA"]
[SourceTitle "playchess.com"]
[Source "ChessBase"]
[SourceQuality "1"]

{[%evp 22,69,0,0,0,0,7,0,0,2,6,-9,0,-21,-16,-54,-42,-50,-57,-58,-48,-59,-10,-4,-7,-9,-11,-12,-12,-24,-5,-11,6,6,16,15,16,0,0,0,0,0,0,0,0,0,0,0,0,0]} 1. d4 Nf6 2. c4 g6 3. Nc3 d5 4. Bf4 Bg7 5. e3 c5 6. dxc5 Qa5 7. Rc1 dxc4 8. Bxc4 O-O 9. Nf3 Qxc5 10. Bb3 Bg4 11. O-O Qh5 12. h3 Bxf3 $1 {D93: Grünfeld: 4 Nf3 Bg7 5 Bf4 0-0 6 e3} 13. Qxf3 Qxf3 14. gxf3 Nc6 15. Rfd1 Rfd8 16. a3 (16. Ba4 Nh5 17. Bh2 Ne5 18. Bxe5 Bxe5 19. f4 Bg7 20. Ne4 {½-½ (60) Moranda,W (2593)-So,W (2765) chess.com INT 2019}) 16... Rac8 17. Ba2 Rxd1+ $146 ({Predecessor:} 17... Nd7 18. Nd5 Nde5 19. Kg2 Kf8 20. Nb4 Nxb4 21. Rxc8 Rxc8 22. axb4 {1-0 (37) Baikov,V (2425)-Tkachenko,E (2182) Moscow 2002}) 18. Rxd1 Nh5 19. Bh2 Bxc3 20. bxc3 Nf6 21. e4 Rd8 (21... Kf8 {with more complications.} 22. e5 Ne8 23. e6 Nd8 24. exf7 Nxf7 25. Rd3 Rc5) 22. Rxd8+ Nxd8 $11 {[%mdl 4096] Endgame KBB-KNN} 23. Kf1 Kf8 24. Ke2 Ke8 25. Bf4 Nd7 26. Be3 {The position is equal.} a6 27. f4 f5 28. f3 e6 29. Kd3 Ke7 30. Bb3 Kd6 31. e5+ Kc7 32. Bf2 Kc6 33. Be3 Kc7 34. Bf2 Kc6 35. Be3 {Accuracy: White = 53%, Black = 71%.} 1/2-1/2

[Event "85th Southwest Open 2019"]
[Site "Dallas"]
[Date "2019.09.02"]
[Round "7.18"]
[White "Wang, Jason"]
[Black "Tsay, Vincent"]
[Result "1/2-1/2"]
[WhiteElo "2300"]
[BlackElo "2233"]
[Annotator "TA"]
[PlyCount "53"]
[EventDate "2019.08.29"]
[EventType "swiss"]
[EventCountry "USA"]
[SourceTitle "playchess.com"]
[Source "ChessBase"]
[SourceQuality "1"]

{[%evp 9,53,23,49,41,43,27,33,-21,-16,-17,-13,-22,-16,-25,-23,-38,-23,-34,-11,-8,0,0,0,0,-3,-12,-5,-4,-7,-12,0,0,17,10,11,0,0,0,0,0,0,0,1,0,0,0]} 1. d4 d5 2. c4 e6 3. Nc3 {[%cal Bb1c3,Bc3e4,Be4c5][%mdl 32]} c6 4. e4 dxe4 5. Nxe4 c5 6. Nxc5 {D31: Queen's Gambit Declined: Semi-Slav without ...Nf6 (+ Marshall Gambit and Noteboom) and Exchange Variation lines without ...Nf6} Nc6 7. Nb3 $146 ({Predecessor:} 7. Nf3 Nxd4 8. Qxd4 Qxd4 9. Nxd4 Bxc5 10. Nb5 Ke7 11. Bd2 Bd7 12. b4 Bxb5 13. cxb5 {½-½ (40) Caruana,F (2784)-Kramnik,V (2800) Berlin 2018}) 7... a5 8. d5 (8. Nf3 $14) 8... exd5 $11 9. cxd5 Bb4+ 10. Bd2 Qxd5 11. Bxb4 Qxd1+ 12. Rxd1 axb4 13. Nc1 Nf6 14. Bc4 {The position is equal.} O-O 15. Nge2 Bf5 16. O-O Rfd8 17. Nb3 Bc2 ({Don't blunder} 17... Rxa2 $2 18. Nbd4 $18) 18. Rxd8+ Rxd8 19. Nec1 b6 20. f3 Na5 21. Nxa5 bxa5 22. Rf2 Rd1+ 23. Rf1 Rd4 24. Bb3 Rd2 25. Rf2 Rd1+ $1 26. Rf1 Rd2 27. Rf2 {Accuracy: White = 59%, Black = 63%.} 1/2-1/2

[Event "85th Southwest Open 2019"]
[Site "Dallas"]
[Date "2019.09.02"]
[Round "7.19"]
[White "Stefanov, Emil"]
[Black "Metpally, Jason"]
[Result "1/2-1/2"]
[WhiteElo "2390"]
[BlackElo "2125"]
[Annotator "TA"]
[PlyCount "117"]
[EventDate "2019.08.29"]
[EventType "swiss"]
[EventCountry "USA"]
[SourceTitle "playchess.com"]
[Source "ChessBase"]
[SourceQuality "1"]

{[%evp 14,117,-18,-22,-33,-14,11,-20,-19,-25,-31,-24,-29,-60,-65,-78,-75,-138,-84,-70,-94,-110,-81,-123,-87,-194,-112,-113,-114,-106,-116,-115,-63,-75,-66,-123,22,-19,593,583,623,620,603,579,732,500,490,488,459,223,195,156,194,194,216,0,145,0,107,108,106,87,196,170,186,-235,289,167,148,0,116,115,129,56,55,85,29989,0,80,0,0,0,31,35,80,102,100,57,89,14,10,0,0,0,0,0,0,0,0,0,0,0,0,0,0,0]} 1. e4 e5 2. Nf3 Nc6 3. d4 exd4 4. Nxd4 Nf6 5. Nxc6 bxc6 6. e5 Qe7 7. Qe2 Nd5 8. h4 Qe6 {C45: Scotch Game} 9. Nd2 $1 h6 $146 ({Predecessor:} 9... d6 10. exd6 Bxd6 11. Nc4 Bc5 12. a3 O-O 13. Qxe6 Bxe6 14. Bd3 Rfe8 15. O-O a5 16. Ne5 {½-½ (38) Caruana,F (2828)-Robson,R (2667) Saint Louis 2019}) 10. Nf3 Bc5 11. c4 Nb6 12. Bd2 a5 13. Rc1 O-O 14. g3 f6 15. Qe4 (15. Bh3 $142 Qe7 16. e6) 15... fxe5 (15... d6 $142 {[%cal Rf6e5]} 16. Bh3 f5) 16. Bd3 $17 d6 $1 {And now ...Qf5 would win.} 17. Qh7+ Kf7 {White must now prevent ...e4!} 18. Be3 Na4 19. Rc2 (19. Bc2 $17) 19... Bd7 ({Better is} 19... Ke7 $19 20. Ng5 hxg5 21. Bxg5+ Kd7) 20. h5 Rh8 21. Qe4 Bxe3 22. Qxe3 Nc5 (22... Rhb8 $17 23. Nd2 Nc5) 23. Bg6+ $1 $15 Ke7 24. Re2 ({White should play} 24. O-O $15) 24... Na6 ({Much weaker is} 24... Qxc4 $6 25. O-O $11) (24... Kd8 $17 25. Nd2 Rb8) 25. Rh4 {aiming for Nd4!} Rhb8 $2 {[%mdl 8192] [#]} (25... Kd8 $11) 26. Nd4 $1 $18 {[%mdl 576] Pin} Qg8 {With the idea ...Kd8.} (26... exd4 27. Qxd4) 27. f4 $1 Kd8 28. fxe5 dxe5 29. Qxe5 Kc8 30. Bf5 Bxf5 31. Nxf5 (31. Qxf5+ $142 Kb7 32. Nxc6 $1 {[%mdl 512]} Kxc6 33. Re6+ Kb7 34. Qb5+ Kc8 35. Re8+ Qxe8+ 36. Qxe8+ Kb7 37. Qe4+ Ka7 38. Qd4+ Rb6 39. Rg4) 31... Kb7 32. Ne7 Qh7 {White should prevent ...Qb1+.} 33. Rhe4 {Hoping for Nxc6!} Nb4 34. Qe6 $2 (34. Kf1 $18) 34... Ra6 (34... Rf8 $1 $11 35. c5 Rf6) 35. Qg6 (35. Qd7 $16 Qh8 36. Nf5) 35... Qh8 (35... Qxg6 $1 $11 36. Nxg6 Nxa2) 36. a3 $16 Nd3+ 37. Kf1 $1 {Strongly threatening R4e3.} Nc5 (37... Qe8 $16) 38. Re5 Nd7 39. Re6 $4 {[%mdl 8192]} (39. Rxa5 $18 {avoids the disaster.} Rf8+ 40. Rf5) 39... Nf6 $4 {[%mdl 8192]} (39... Nf8 $19 40. Qc2 Nxe6 41. Rxe6 Qd8) 40. Qf5 (40. Nf5 $142) 40... Qd8 $18 41. Qc5 (41. Qf3 $16 {[%cal Re7c6]} Qf8 42. Rf2 (42. Rxc6 Ne4 $14)) 41... Qd7 (41... Qd1+ $11 {keeps the balance.} 42. Kg2 Rd8) 42. Kg2 $1 $16 Re8 43. b4 (43. Qe3 $1 $16 {Rd2 is the strong threat.} Qd1 44. Qf3) 43... axb4 $14 44. axb4 {White wants to mate with b5!} Ng8 $2 {[%mdl 8192] [#]} (44... Rea8 $16) 45. Qe3 $2 (45. b5 $1 {[%mdl 512] mates} Rb6 46. bxc6+ Qxc6+ 47. Nxc6 Ra8 48. Ne7 Rb3 49. Nd5 Rxg3+ 50. Kxg3) 45... Nxe7 (45... Rxe7 $11 46. Rxe7 Nxe7 47. Qxe7 Qd1) 46. Rxe7 (46. b5 $1 $16 {[%cal Rb5a6]} Rb6 47. Qe4) 46... Rxe7 $11 47. Qxe7 {[%mdl 4096] Endgame KQR-KQR} Qd4 (47... Qd1 {looks sharper.} 48. b5 Ra1 49. bxc6+ Ka6 50. g4 Qd4) 48. Qe4 $1 {[%cal Re4d4]} Qxe4+ 49. Rxe4 $14 {KR-KR} c5 {[#]} 50. b5 $1 {[%cal Rb5a6]} Rf6 {[#]} 51. Re5 (51. Rg4 $1 $16) 51... Kb6 $1 $11 {The position is equal.} 52. Kh3 g6 53. hxg6 Rxg6 54. g4 c6 55. bxc6 Rxc6 56. Re1 Rd6 57. Kh4 Rd4 58. Re6+ Ka5 59. Rxh6 {Accuracy: White = 38%, Black = 42%.} 1/2-1/2